<?xml version="1.0" encoding="UTF-8"?>
<record
    xmlns:xsi="http://www.w3.org/2001/XMLSchema-instance"
    xsi:schemaLocation="http://www.loc.gov/MARC21/slim http://www.loc.gov/standards/marcxml/schema/MARC21slim.xsd"
    xmlns="http://www.loc.gov/MARC21/slim">

  <leader>00826na  a2200277   4500</leader>
  <controlfield tag="001">24562</controlfield>
  <controlfield tag="003">MIRAKIL</controlfield>
  <controlfield tag="005">20181213155331.0</controlfield>
  <controlfield tag="008">181205b        tu            000 0      </controlfield>
  <datafield tag="020" ind1=" " ind2=" ">
    <subfield code="a">975736911X (1.c.)</subfield>
  </datafield>
  <datafield tag="040" ind1=" " ind2=" ">
    <subfield code="a">Milas</subfield>
    <subfield code="b">tur</subfield>
    <subfield code="c">TR-AnCHP</subfield>
  </datafield>
  <datafield tag="041" ind1=" " ind2=" ">
    <subfield code="a">tur</subfield>
  </datafield>
  <datafield tag="082" ind1=" " ind2=" ">
    <subfield code="a">956.102092</subfield>
    <subfield code="b">O61c 1993</subfield>
  </datafield>
  <datafield tag="090" ind1=" " ind2=" ">
    <subfield code="a">956.102092 O61c 1993</subfield>
  </datafield>
  <datafield tag="100" ind1=" " ind2=" ">
    <subfield code="a">Orbay, Rauf</subfield>
  </datafield>
  <datafield tag="245" ind1=" " ind2=" ">
    <subfield code="a">Cehennem de&#x11F;irmeni</subfield>
    <subfield code="b">siyas&#xEE; hat&#x131;ralar&#x131;m</subfield>
    <subfield code="c">Rauf Orbay</subfield>
  </datafield>
  <datafield tag="246" ind1=" " ind2=" ">
    <subfield code="a">siyas&#xEE; hat&#x131;ralar&#x131;m</subfield>
  </datafield>
  <datafield tag="260" ind1=" " ind2=" ">
    <subfield code="a">&#x130;stanbul</subfield>
    <subfield code="b">Emre yay&#x131;nlar&#x131;</subfield>
    <subfield code="c">1993</subfield>
    <subfield code="f">O&#x11F;ul Matbaac&#x131;l&#x131;k</subfield>
  </datafield>
  <datafield tag="300" ind1=" " ind2=" ">
    <subfield code="a">c.&lt;1&gt; 303 s.</subfield>
    <subfield code="c">19 sm.</subfield>
  </datafield>
  <datafield tag="440" ind1=" " ind2=" ">
    <subfield code="a">Emre Yay&#x131;nlar&#x131; </subfield>
    <subfield code="v">20/1</subfield>
  </datafield>
  <datafield tag="490" ind1=" " ind2=" ">
    <subfield code="a">Yak&#x131;n tarih serisi</subfield>
    <subfield code="v">10/1</subfield>
  </datafield>
  <datafield tag="600" ind1=" " ind2=" ">
    <subfield code="a">Orbay, Rauf</subfield>
    <subfield code="d">1881-1964</subfield>
    <subfield code="x">Siyasal ya&#x15F;am</subfield>
  </datafield>
  <datafield tag="650" ind1=" " ind2=" ">
    <subfield code="a">Siyasal tarih</subfield>
    <subfield code="x">T&#xFC;rkiye</subfield>
  </datafield>
  <datafield tag="740" ind1=" " ind2=" ">
    <subfield code="a">siyas&#xEE; hat&#x131;ralar&#x131;m</subfield>
  </datafield>
  <datafield tag="942" ind1=" " ind2=" ">
    <subfield code="2">ddc</subfield>
    <subfield code="c">BKS</subfield>
  </datafield>
  <datafield tag="952" ind1=" " ind2=" ">
    <subfield code="a">0002</subfield>
    <subfield code="b">0002</subfield>
    <subfield code="d">2018-12-05</subfield>
    <subfield code="e">2</subfield>
    <subfield code="l">0</subfield>
    <subfield code="o">956.102092 O61c 1993</subfield>
    <subfield code="p">P00652</subfield>
    <subfield code="r">2018-12-05 00:00:00</subfield>
    <subfield code="w">2018-12-05</subfield>
    <subfield code="x">Ba&#x11F;&#x131;&#x15F;layan:  Ertu&#x11F;rul &#xC7;epni</subfield>
    <subfield code="y">BKS</subfield>
  </datafield>
  <datafield tag="952" ind1=" " ind2=" ">
    <subfield code="a">0001</subfield>
    <subfield code="b">0001</subfield>
    <subfield code="d">2020-09-14</subfield>
    <subfield code="l">0</subfield>
    <subfield code="o">956.102092 O61c 1993</subfield>
    <subfield code="p">019527</subfield>
    <subfield code="r">2020-09-14 00:00:00</subfield>
    <subfield code="u">c.1</subfield>
    <subfield code="w">2020-09-14</subfield>
    <subfield code="x">Emine Ba&#x15F;ak Alkan Ba&#x11F;&#x131;&#x15F;&#x131;d&#x131;r.</subfield>
    <subfield code="y">BKS</subfield>
  </datafield>
  <datafield tag="999" ind1=" " ind2=" ">
    <subfield code="c">10710</subfield>
    <subfield code="d">10710</subfield>
  </datafield>
</record>
